000
00287nam a2200121Ia 4500
005
20251222155131.0
008
251222s9999||||xx |||||||||||||| ||spa||
082
_a
ETI.130
100
_a
PANGRAZZI,Arnaldo.
245
0
_a
La pérdida de un ser querido
264
_b
No tiene
942
_c
LIB
999
_c
38821
_d
38821